Rick Riordan Book Quiz (Updated) - Statistics

General Stats
  • This quiz has been taken 262 times
    247 since last reset
  • The average score is 10 of 16
Answer Stats
Book Series Title % Correct
Percy Jackson And The Olympians 2 The Sea Of Monsters
93%
Percy Jackson And The Olympians 1 The Lightning Thief
91%
Heroes Of Olympus 2 The Son Of Neptune
85%
Heroes Of Olympus 3 The Mark Of Athena
84%
Percy Jackson And The Olympians 3 The Titans Curse
83%
Percy Jackson And The Olympians 5 The Last Olympian
81%
Heroes Of Olympus 1 The Lost Hero
81%
Heroes Of Olympus 4 The House Of Hades
79%
Heroes Of Olympus 5 Blood Of Olympus
77%
Percy Jackson And The Olympians 4 The Battle Of The Labyrinth
73%
Kane Chronicles 1 The Red Pyramid
69%
Kane Chronicles 3 The Serpent's Shadow
55%
Kane Chronicles 2 The Throne Of Fire
49%
The 39 Clues 1 The Maze Of Bones
24%
The 39 Clues 11 Vespers Rising
15%
The 39 Clues Guide The Black Book Of Buried Secrets
3%
No matching quizzes found
Score Distribution
Percent of People with Each Score
Percentile by Number Answered
Your Score History
You have not taken this quiz since the last reset